| 000 | 00577nam a22001817a 4500 | ||
|---|---|---|---|
| 008 | 161103b xxu||||| |||| 00| 0 eng d | ||
| 020 | _a9780070025998 | ||
| 050 |
_a LB1025.3 _b.A74 1994 |
||
| 100 | _aArends, Richard. | ||
| 245 |
_aLearning to teach / _cRichard I. Arends. |
||
| 250 | _a3rd ed. | ||
| 260 |
_aNew York, NY : _bMcGraw-Hill, _c0994. |
||
| 300 |
_axxiii, 584 p. : _bill. ; _c26 cm. |
||
| 500 | _aIncludes bibliographical references and index. | ||
| 650 |
_2 _a Teaching _vTextbooks. |
||
| 650 |
_aEffective teaching _vTextbooks. |
||
| 942 |
_2lcc _cBK |
||
| 999 |
_c47116 _d47116 |
||